Government and technical innovation
Gespeichert in:
| Format: | Buch |
|---|---|
| Sprache: | Undetermined |
| Veröffentlicht: |
Paris
Orgaisation for Economic Co-operation and Development
1961
|
| Schlagworte: | |
| Tags: |
Tag hinzufügen
Keine Tags, Fügen Sie den ersten Tag hinzu!
|
| Thư viện lưu trữ: | Trung tâm Học liệu Trường Đại học Cần Thơ |
|---|
| LEADER | 00436nam a2200145Ia 4500 | ||
|---|---|---|---|
| 001 | CTU_78572 | ||
| 008 | 210402s9999 xx 000 0 und d | ||
| 082 | |a 338.9 | ||
| 082 | |b G721 | ||
| 245 | 0 | |a Government and technical innovation | |
| 260 | |a Paris | ||
| 260 | |b Orgaisation for Economic Co-operation and Development | ||
| 260 | |c 1961 | ||
| 650 | |a Economics,Science and state | ||
| 980 | |a Trung tâm Học liệu Trường Đại học Cần Thơ | ||